000 00477nam a22001691a 4500
020 _a9788185226231
_c0.00
040 _aSSUS - Library - Kalady
082 _aM3 CHA NAK
_bN96
100 _aChandrashekharan Nair Vaikom
245 _aNaghangal
_h[Text]
260 _aKottayam
_bKairali Mudralayam
_c1996
300 _a366p.
500 _aNovel-Malayalam Chandrashekharan Nair Vaikom
600 _aNovel Malayalam
852 _999.00
_r
942 _cBK
999 _c30240
_d30240